| 000 | 00332nam a22001337a 4500 | ||
|---|---|---|---|
| 008 | 250312b |||||||| |||| 00| 0 eng d | ||
| 020 | _a978800306O | ||
| 050 |
_aHC1055 _b.N54 |
||
| 100 | _aOYEJIDE, Ademola T. | ||
| 245 | _aNigeria Development Report: 2001 | ||
| 260 |
_aIbadan _bPal-Mag Press _c2002 |
||
| 300 | _a181p. | ||
| 942 | _cBK | ||
| 999 |
_c2285 _d2285 |
||